[Event "Rheinland Pfalz Seniors op"]
[Site "Altenkirchen"]
[Date "2023.09.09"]
[Round "5"]
[White "Geyer, Bernhard"]
[Black "Gollasch, Theo Heinz"]
[Result "1-0"]
[WhiteElo "2164"]
[BlackElo "2000"]
[PlyCount "69"]
[EventDate "2023.09.05"]
[EventType "swiss"]
[EventRounds "9"]
[EventCountry "GER"]
[SourceTitle "EXT 2024"]
[Source "ChessBase"]
[SourceDate "2023.10.10"]
[SourceVersion "1"]
[SourceVersionDate "2023.10.10"]
[SourceQuality "1"]

1. e4 c5 2. g3 g6 3. Bg2 Bg7 4. Ne2 Nc6 5. 0-0 d6 6. h3 Bd7 7. c3 Qb6 8. Na3 a6 9. Nc4 Qc7 10. a4 b6 11. b3 Rb8 12. Ne3 e6 13. d4 Nge7 14. d5 exd5 15. exd5 Na5 16. Ra2 0-0 17. c4 Rbe8 18. Bb2 Bxb2 19. Rxb2 Nf5 20. Ng4 Kg7 21. Qd2 h5 22. Qc3+ f6 23. Nh2 Qd8 24. g4 hxg4 25. hxg4 Nh4 26. Ng3 Kh7 27. f4 Qe7 28. Re2 Qg7 29. Rxe8 Bxe8 30. Ne4 Nb7 31. Qh3 Qh6 32. g5 fxg5 33. fxg5 Rxf1+ 34. Nxf1 Qh5 35. Nf6+ 1-0

[Event "Berlin-ch Seniors op 36th"]
[Site "Berlin"]
[Date "2020.02.05"]
[Round "8.16"]
[White "Brandenburg, Klaus"]
[Black "Gollasch, Theo Heinz"]
[Result "0-1"]
[WhiteElo "1810"]
[BlackElo "1962"]
[PlyCount "108"]
[EventDate "2020.01.28"]
[EventType "swiss"]
[EventRounds "9"]
[EventCountry "GER"]
[SourceTitle "EXT 2024"]
[Source "ChessBase"]
[SourceDate "2023.10.10"]
[SourceVersion "1"]
[SourceVersionDate "2023.10.10"]
[SourceQuality "1"]

1. d4 d5 2. c4 e6 3. Nc3 Nf6 4. e3 b6 5. Nf3 Bb7 6. Bd3 dxc4 7. Bxc4 Be7 8. 0-0 0-0 9. Bd3 Nbd7 10. Ne5 c5 11. Nxd7 Qxd7 12. dxc5 Rfd8 13. Bb5 Qc8 14. Qe2 Qxc5 15. e4 a6 16. Be3 Qc7 17. Bd3 Bc5 18. Rac1 Bxe3 19. Qxe3 Ng4 20. Qh3 Qxh2+ 21. Qxh2 Nxh2 22. Kxh2 Rxd3 23. Rfd1 Rxd1 24. Rxd1 Bc6 25. f3 g5 26. Rd2 Kg7 27. Nd1 Ra7 28. Rd6 Rc7 29. Ne3 b5 30. Kg3 h5 31. Rd8 Rd7 32. Rxd7 Bxd7 33. Nc2 e5 34. b4 f5 35. exf5 Bxf5 36. Ne3 h4+ 37. Kf2 Be6 38. a3 Kf6 39. Nd1 Kf5 40. Ke3 Bd5 41. Nc3 Bb7 42. Kf2 e4 43. fxe4+ Bxe4 44. a4 Bc6 45. axb5 axb5 46. Ne2 Ke5 47. Ng1 g4 48. Ne2 Ke4 49. g3 h3 50. Nf4 Kd4 51. Kg1 Kc4 52. Ng6 Kd4 53. Kh2 Be4 54. Nf4 Kc4 0-1

[Event "Berlin-ch Seniors op 36th"]
[Site "Berlin"]
[Date "2020.02.01"]
[Round "5.23"]
[White "Gollasch, Theo Heinz"]
[Black "Kievelitz, Bernd"]
[Result "1-0"]
[WhiteElo "1962"]
[BlackElo "1787"]
[PlyCount "111"]
[EventDate "2020.01.28"]
[EventType "swiss"]
[EventRounds "9"]
[EventCountry "GER"]
[SourceTitle "EXT 2024"]
[Source "ChessBase"]
[SourceDate "2023.10.10"]
[SourceVersion "1"]
[SourceVersionDate "2023.10.10"]
[SourceQuality "1"]

1. Nf3 Nf6 2. g3 b6 3. Bg2 Bb7 4. d4 g6 5. c4 Bg7 6. 0-0 0-0 7. Nc3 Ne4 8. Qc2 Nxc3 9. Qxc3 c5 10. Qd3 cxd4 11. Nxd4 Bxg2 12. Kxg2 Nc6 13. Nf3 Rc8 14. Rb1 Qc7 15. Rd1 d6 16. b3 Qb7 17. Kg1 Ne5 18. Nxe5 Bxe5 19. Bb2 Bxb2 20. Rxb2 Rc7 21. f4 f5 22. Qd5+ Qxd5 23. Rxd5 Rfc8 24. Kf2 Rc5 25. Rd4 Kf7 26. e4 fxe4 27. Ke3 Kf6 28. Kxe4 h6 29. Rbd2 R5c7 30. Rd5 Rc6 31. g4 Rc5 32. h4 Rxd5 33. Rxd5 Rd8 34. h5 e6 35. Rb5 gxh5 36. Rxh5 Kg6 37. Rb5 Kf6 38. a4 Rc8 39. Rh5 Kg6 40. Rh3 Rh8 41. Rd3 Rd8 42. Rh3 Rh8 43. Rd3 Rd8 44. b4 Kf6 45. Rh3 Kg7 46. Rh5 Rc8 47. Kd4 Rf8 48. f5 exf5 49. gxf5 a5 50. bxa5 bxa5 51. Kd5 Rc8 52. Rh4 Rc5+ 53. Kxd6 Rxf5 54. c5 Rf6+ 55. Kc7 Kg6 56. c6 1-0

[Event "Hamburg-ch Seniors 65+ op 26th"]
[Site "Hamburg"]
[Date "2019.11.19"]
[Round "9"]
[White "Strampfer, Jens"]
[Black "Gollasch, Theo Heinz"]
[Result "1-0"]
[WhiteElo "2013"]
[BlackElo "1998"]
[PlyCount "75"]
[EventDate "2019.11.11"]
[EventType "swiss"]
[EventRounds "9"]
[EventCountry "GER"]
[SourceTitle "EXT 2022"]
[Source "ChessBase"]
[SourceDate "2021.10.06"]
[SourceVersion "1"]
[SourceVersionDate "2021.10.06"]
[SourceQuality "1"]

1. b3 c5 2. e3 Nf6 3. Bb2 e6 4. f4 d5 5. Nf3 Be7 6. g3 Nc6 7. Bg2 0-0 8. d3 Qc7 9. Nbd2 Rd8 10. Qe2 a5 11. a4 b6 12. 0-0 Ba6 13. Ne5 Rac8 14. Nxc6 Qxc6 15. g4 Ne8 16. e4 dxe4 17. Nxe4 Qd7 18. f5 exf5 19. gxf5 f6 20. Qh5 Bd6 21. Nxd6 Qxd6 22. Rae1 Qf8 23. Re6 Rb8 24. Rfe1 Qf7 25. Qe2 h6 26. Re7 Qf8 27. Qe6+ Kh8 28. Bc1 Nd6 29. Bc6 Bc8 30. Qd5 Bb7 31. Bxb7 Nxb7 32. Qg2 Nd6 33. Qg6 Re8 34. R7e6 Rxe6 35. Rxe6 Re8 36. Rxd6 Re1+ 37. Kf2 Qe7 38. Rd8+ 1-0

[Event "Hamburg-ch Seniors 65+ op 26th"]
[Site "Hamburg"]
[Date "2019.11.14"]
[Round "4"]
[White "Raedisch, Peter"]
[Black "Gollasch, Theo Heinz"]
[Result "0-1"]
[WhiteElo "1570"]
[BlackElo "1998"]
[PlyCount "62"]
[EventDate "2019.11.11"]
[EventType "swiss"]
[EventRounds "9"]
[EventCountry "GER"]
[SourceTitle "EXT 2022"]
[Source "ChessBase"]
[SourceDate "2021.10.06"]
[SourceVersion "1"]
[SourceVersionDate "2021.10.06"]
[SourceQuality "1"]

1. e4 e5 2. Nf3 Nc6 3. Bc4 Bc5 4. d3 h6 5. a3 Nf6 6. h3 d5 7. exd5 Nxd5 8. 0-0 Be6 9. Ba2 g5 10. Qe1 f6 11. Nh2 h5 12. Be3 Qe7 13. b4 Bxe3 14. fxe3 g4 15. Bxd5 Bxd5 16. Qh4 gxh3 17. Qxf6 Qxf6 18. Rxf6 Ke7 19. Rf2 Rhg8 20. e4 Be6 21. c3 Raf8 22. g4 hxg4 23. Rxf8 Rxf8 24. Nd2 Rf4 25. Rf1 Kf6 26. d4 Rxf1+ 27. Ndxf1 exd4 28. cxd4 Nxd4 29. Kf2 Nc2 30. Ne3 Nxe3 31. Kxe3 g3 0-1

[Event "Hamburg-ch Seniors 65+ op 26th"]
[Site "Hamburg"]
[Date "2019.11.13"]
[Round "3"]
[White "Gollasch, Theo Heinz"]
[Black "Porth, Hartmut"]
[Result "0-1"]
[WhiteElo "1998"]
[BlackElo "1992"]
[PlyCount "86"]
[EventDate "2019.11.11"]
[EventType "swiss"]
[EventRounds "9"]
[EventCountry "GER"]
[SourceTitle "EXT 2022"]
[Source "ChessBase"]
[SourceDate "2021.10.06"]
[SourceVersion "1"]
[SourceVersionDate "2021.10.06"]
[SourceQuality "1"]

1. Nf3 Nf6 2. g3 g6 3. c4 Bg7 4. Nc3 d6 5. d4 0-0 6. Bg2 a6 7. 0-0 Nc6 8. d5 Na5 9. Qd3 c5 10. e4 Rb8 11. Bd2 b5 12. cxb5 axb5 13. Rfe1 b4 14. Nd1 Bd7 15. Rb1 Bb5 16. Qc2 Nc4 17. Bc1 Ng4 18. b3 Nce5 19. Nxe5 Nxe5 20. Nb2 Ra8 21. Nc4 Bxc4 22. bxc4 Qa5 23. Bg5 f6 24. Bf4 Qxa2 25. Qxa2 Rxa2 26. Bxe5 fxe5 27. f3 Rfa8 28. Bf1 Bh6 29. Re2 Ra1 30. Reb2 Rxb1 31. Rxb1 Ra2 32. h4 Be3+ 33. Kh1 Bf2 34. Kg2 Bd4+ 35. Kh3 h5 36. g4 Be3 37. Re1 Bf4 38. Re2 Ra3 39. Rf2 Rc3 40. gxh5 gxh5 41. Kg2 b3 42. Be2 b2 43. Rf1 Bc1 0-1

[Event "Hamburg-ch Seniors 65+ op 26th"]
[Site "Hamburg"]
[Date "2019.11.12"]
[Round "2"]
[White "Gollasch, Theo Heinz"]
[Black "Wilke, Wolfgang"]
[Result "1-0"]
[WhiteElo "1998"]
[BlackElo "1699"]
[PlyCount "109"]
[EventDate "2019.11.11"]
[EventType "swiss"]
[EventRounds "9"]
[EventCountry "GER"]
[SourceTitle "EXT 2022"]
[Source "ChessBase"]
[SourceDate "2021.10.06"]
[SourceVersion "1"]
[SourceVersionDate "2021.10.06"]
[SourceQuality "1"]

1. Nf3 Nf6 2. g3 g6 3. c4 c6 4. d4 d5 5. b3 Bg7 6. Bb2 0-0 7. Bg2 a5 8. Nc3 Na6 9. c5 Bf5 10. 0-0 Ne4 11. Na4 Re8 12. Nh4 Be6 13. f4 f5 14. Nf3 Qc7 15. a3 Nb8 16. Ne5 Ra6 17. Qc2 Nd7 18. Nxd7 Bxd7 19. e3 Be6 20. Rfb1 Nf6 21. Bf1 Ra7 22. Bc3 Nd7 23. Qd2 Rea8 24. Ra2 b5 25. cxb6 Nxb6 26. Nc5 Bf7 27. a4 Nd7 28. Nd3 c5 29. dxc5 e5 30. fxe5 Nxe5 31. Bxe5 Bxe5 32. Nxe5 Qxe5 33. Qd3 Qc7 34. Rc2 Re8 35. Bg2 Qc6 36. Rd1 Rd7 37. Kf2 Rb8 38. Qc3 Qc7 39. Rd4 Rc8 40. Rcd2 Rcd8 41. Bf1 Re7 42. Bb5 Re5 43. h4 Be6 44. Be2 Bc8 45. c6 Be6 46. Bf3 Rd6 47. Rc2 Bf7 48. Qd2 Kg7 49. Qc3 Kf8 50. b4 axb4 51. Rxb4 Re8 52. Rb7 Qc8 53. Qc5 Qe6 54. c7 Rc8 55. Rb8 1-0

[Event "Hamburg-ch Seniors 65+ op 26th"]
[Site "Hamburg"]
[Date "2019.11.11"]
[Round "1"]
[White "Berking, Bernhard"]
[Black "Gollasch, Theo Heinz"]
[Result "1/2-1/2"]
[WhiteElo "1627"]
[BlackElo "1998"]
[PlyCount "52"]
[EventDate "2019.11.11"]
[EventType "swiss"]
[EventRounds "9"]
[EventCountry "GER"]
[SourceTitle "EXT 2022"]
[Source "ChessBase"]
[SourceDate "2021.10.06"]
[SourceVersion "1"]
[SourceVersionDate "2021.10.06"]
[SourceQuality "1"]

1. c4 e6 2. d4 d5 3. cxd5 exd5 4. Nf3 Nf6 5. Nc3 Bd6 6. g3 0-0 7. Bg2 b6 8. 0-0 Bb7 9. a3 Re8 10. Nb5 Bf8 11. Bg5 Na6 12. Rc1 c6 13. Nc3 h6 14. Bf4 Bd6 15. Bxd6 Qxd6 16. e3 c5 17. dxc5 Nxc5 18. Nd4 Qd7 19. Qc2 Rac8 20. Qf5 Qxf5 21. Nxf5 Rcd8 22. Nd4 Nfe4 23. Rfd1 Nxc3 24. Rxc3 Rd7 25. Bh3 Rdd8 26. b4 Ne6 1/2-1/2

[Event "Berlin-ch Seniors op 35th"]
[Site "Berlin"]
[Date "2019.02.06"]
[Round "8"]
[White "Kollberg, Lothar"]
[Black "Gollasch, Theo Heinz"]
[Result "1/2-1/2"]
[WhiteElo "2070"]
[BlackElo "1966"]
[PlyCount "47"]
[EventDate "2019.01.29"]
[EventType "swiss"]
[EventRounds "9"]
[EventCountry "GER"]
[SourceTitle "CBM 189 Extra"]
[Source "ChessBase"]
[SourceDate "2019.06.03"]
[SourceVersion "1"]
[SourceVersionDate "2019.06.03"]
[SourceQuality "1"]

1. d4 d5 2. c4 e6 3. Nc3 Nf6 4. cxd5 exd5 5. Bg5 Be7 6. e3 0-0 7. Qc2 h6 8. Bh4 b6 9. Nf3 Bb7 10. Bxf6 Bxf6 11. Be2 Nd7 12. 0-0 c5 13. dxc5 Nxc5 14. Rfd1 Bxc3 15. Qxc3 Qe7 16. Rac1 Rac8 17. Qd4 Qe4 18. h3 g6 19. Qxe4 Nxe4 20. Nd4 Rfd8 21. f3 Nc5 22. b3 Kf8 23. Kf2 Ke7 24. Rc2 1/2-1/2

[Event "Berlin-ch Seniors op 35th"]
[Site "Berlin"]
[Date "2019.02.05"]
[Round "7"]
[White "Gollasch, Theo Heinz"]
[Black "Metzger, Eberhard"]
[Result "1-0"]
[WhiteElo "1966"]
[BlackElo "1775"]
[PlyCount "59"]
[EventDate "2019.01.29"]
[EventType "swiss"]
[EventRounds "9"]
[EventCountry "GER"]
[SourceTitle "CBM 189 Extra"]
[Source "ChessBase"]
[SourceDate "2019.06.03"]
[SourceVersion "1"]
[SourceVersionDate "2019.06.03"]
[SourceQuality "1"]

1. Nf3 g6 2. g3 Bg7 3. c4 d6 4. d4 Nd7 5. Nc3 e6 6. Bg2 Ne7 7. 0-0 0-0 8. Qc2 Rb8 9. b3 a6 10. a4 Nc6 11. Bg5 f6 12. Be3 e5 13. Nd5 Ne7 14. Nxe7+ Qxe7 15. Rac1 c6 16. b4 e4 17. Nd2 f5 18. Nb3 Nf6 19. Bg5 h6 20. Bxf6 Qxf6 21. e3 Bd7 22. Rfd1 g5 23. a5 Be6 24. Rf1 Rfc8 25. f3 d5 26. fxe4 dxe4 27. Bxe4 Qe7 28. Bd3 Qxb4 29. Nc5 Re8 30. Ra1 1-0

[Event "Berlin-ch Seniors op 35th"]
[Site "Berlin"]
[Date "2019.01.31"]
[Round "3"]
[White "Gollasch, Theo Heinz"]
[Black "Schulz, Michael"]
[Result "0-1"]
[WhiteElo "1966"]
[BlackElo "2233"]
[PlyCount "58"]
[EventDate "2019.01.29"]
[EventType "swiss"]
[EventRounds "9"]
[EventCountry "GER"]
[SourceTitle "CBM 189 Extra"]
[Source "ChessBase"]
[SourceDate "2019.06.03"]
[SourceVersion "1"]
[SourceVersionDate "2019.06.03"]
[SourceQuality "1"]

1. Nf3 b5 2. g3 Bb7 3. Bg2 Nf6 4. d4 e6 5. 0-0 Be7 6. b3 0-0 7. c4 bxc4 8. bxc4 c5 9. dxc5 Na6 10. Be3 Nxc5 11. Bxc5 Bxc5 12. Nbd2 a5 13. a4 Rc8 14. Qb3 Bb4 15. Rfd1 Qc7 16. Rac1 d5 17. Nd4 Bxd2 18. Rxd2 Ba6 19. c5 Bc4 20. Rxc4 dxc4 21. Qxc4 Qxc5 22. Qxc5 Rxc5 23. Nb3 Rc4 24. Nxa5 Rxa4 25. Nb3 Ra3 26. Rd3 Rb8 27. Nd2 Rxd3 28. exd3 Rd8 29. Bf1 Nd5 0-1

[Event "Hamburg-ch Seniors 65+"]
[Site "Hamburg"]
[Date "2018.11.08"]
[Round "9"]
[White "Zippert, Georg"]
[Black "Gollasch, Theo Heinz"]
[Result "1-0"]
[WhiteElo "1861"]
[BlackElo "2049"]
[PlyCount "53"]
[EventDate "2018.10.31"]
[EventType "swiss"]
[EventRounds "9"]
[EventCountry "GER"]
[SourceTitle "CBM 189 Extra"]
[Source "ChessBase"]
[SourceDate "2019.06.03"]
[SourceVersion "1"]
[SourceVersionDate "2019.06.03"]
[SourceQuality "1"]

1. e4 c5 2. Nf3 d6 3. d3 g6 4. Be2 Bg7 5. 0-0 Nc6 6. c3 d5 7. exd5 Qxd5 8. Bf4 e5 9. Be3 b6 10. Na3 Nge7 11. Nb5 Qd7 12. d4 a6 13. d5 axb5 14. dxc6 Qxd1 15. Rfxd1 Ba6 16. a4 b4 17. Bb5 bxc3 18. bxc3 Nf5 19. Rac1 h6 20. h3 Ke7 21. Rd7+ Ke6 22. Rcd1 Rhc8 23. g4 Nd4 24. cxd4 cxd4 25. Bd2 Bf8 26. Re1 f6 27. Nxd4# 1-0

[Event "Hamburg-ch Seniors 65+"]
[Site "Hamburg"]
[Date "2018.11.03"]
[Round "4"]
[White "Gollasch, Theo Heinz"]
[Black "Voigt, Detlev"]
[Result "1/2-1/2"]
[WhiteElo "2049"]
[BlackElo "1949"]
[PlyCount "70"]
[EventDate "2018.10.31"]
[EventType "swiss"]
[EventRounds "9"]
[EventCountry "GER"]
[SourceTitle "CBM 189 Extra"]
[Source "ChessBase"]
[SourceDate "2019.06.03"]
[SourceVersion "1"]
[SourceVersionDate "2019.06.03"]
[SourceQuality "1"]

1. Nf3 Nf6 2. g3 b6 3. Bg2 Bb7 4. 0-0 c5 5. d4 cxd4 6. Qxd4 g6 7. c3 Bg7 8. Qh4 d6 9. Bh6 0-0 10. Bxg7 Kxg7 11. a4 Nbd7 12. Nbd2 Rc8 13. Nd4 Bxg2 14. Kxg2 Rc5 15. g4 h6 16. f4 e5 17. N4b3 Qa8+ 18. Kg1 Rcc8 19. g5 hxg5 20. fxg5 Nh5 21. Rf2 f5 22. gxf6+ Ndxf6 23. a5 Qc6 24. Raf1 bxa5 25. Nxa5 Qd5 26. Nab3 Nf4 27. e4 Qe6 28. Rxf4 exf4 29. Nd4 Qd7 30. Rxf4 Nh7 31. Rg4 Rc5 32. Nf5+ Rcxf5 33. exf5 Qxf5 34. Qg3 Qc2 35. Nf1 Qf5 1/2-1/2

[Event "Hamburg-ch Seniors 50+"]
[Site "Hamburg"]
[Date "2018.10.27"]
[Round "6"]
[White "Chmielewski, Axel"]
[Black "Gollasch, Theo Heinz"]
[Result "1/2-1/2"]
[WhiteElo "1835"]
[BlackElo "2028"]
[PlyCount "102"]
[EventDate "2018.10.23"]
[EventType "swiss"]
[EventRounds "7"]
[EventCountry "GER"]
[SourceTitle "CBM 190 Extra"]
[Source "ChessBase"]
[SourceDate "2019.07.15"]
[SourceVersion "1"]
[SourceVersionDate "2019.07.15"]
[SourceQuality "1"]

1. d4 d5 2. c4 e6 3. Nc3 Nf6 4. Bg5 Be7 5. Nf3 0-0 6. e3 b6 7. cxd5 exd5 8. Rc1 Bb7 9. Bd3 Ne4 10. Bxe7 Qxe7 11. 0-0 Nd7 12. Qe2 c5 13. dxc5 Ndxc5 14. Bb1 Rac8 15. Rfd1 Nxc3 16. Rxc3 Ne4 17. Rxc8 Rxc8 18. Nd4 g6 19. a3 Rc5 20. Nb3 Rc7 21. h3 Kg7 22. Nd4 Rc5 23. Nb3 Rc8 24. Nd4 f5 25. g4 fxg4 26. Qxg4 Kh8 27. Bxe4 dxe4 28. Ne2 Rd8 29. Rxd8+ Qxd8 30. Nc3 Qe7 31. Qf4 Kg7 32. h4 Bc6 33. Kh2 h6 34. Ne2 Qf6 35. Qxf6+ Kxf6 36. Nd4 Bd7 37. Kg3 g5 38. hxg5+ Kxg5 39. b4 a6 40. Ne2 h5 41. Nc3 h4+ 42. Kh2 Bc6 43. Kh3 Bb7 44. Na4 Bc8+ 45. Kh2 Kg4 46. Nxb6 Bb7 47. Nc4 Kf3 48. Kg1 Ke2 49. a4 Bd5 50. Nd6 h3 51. b5 axb5 1/2-1/2

[Event "Pinneberg-ch"]
[Site "Pinneberg"]
[Date "2018.09.27"]
[Round "7"]
[White "Kuhn, Gerd"]
[Black "Gollasch, Theo Heinz"]
[Result "1/2-1/2"]
[WhiteElo "2011"]
[BlackElo "1956"]
[PlyCount "99"]
[EventDate "2018.08.16"]
[EventType "swiss"]
[EventRounds "7"]
[EventCountry "GER"]
[SourceTitle "EXT 2019"]
[Source "ChessBase"]
[SourceDate "2018.10.10"]
[SourceVersion "1"]
[SourceVersionDate "2018.10.10"]
[SourceQuality "1"]

1. c4 Nf6 2. g3 c6 3. Nf3 d5 4. b3 g6 5. Bb2 Bg7 6. Bg2 0-0 7. 0-0 dxc4 8. bxc4 Qb6 9. Qb3 Nbd7 10. d4 Qxb3 11. axb3 c5 12. Nbd2 cxd4 13. Bxd4 a6 14. Rfd1 Ne8 15. Ne4 Bxd4 16. Nxd4 Rb8 17. b4 Nef6 18. c5 Nxe4 19. Bxe4 Nf6 20. Bc2 Bd7 21. Nf3 Rfc8 22. Ne5 Bb5 23. Bd3 Be8 24. Bc4 Rd8 25. f3 Kf8 26. Kf2 Nd7 27. c6 Nxe5 28. c7 Rxd1 29. cxb8Q Nc6 30. Qxb7 Rxa1 31. Bxa6 Nxb4 32. Bc4 Rb1 33. Qc8 Nc6 34. Bd5 Rc1 35. h4 h5 36. g4 hxg4 37. fxg4 Rc5 38. Bf3 Rc2 39. h5 Nd4 40. Qd8 Nxf3 41. Kxf3 gxh5 42. gxh5 f6 43. h6 Rc5 44. Qd2 Rh5 45. e4 Kg8 46. Kg4 Rg5+ 47. Kf4 Rh5 48. Kg4 Rg5+ 49. Kf4 Rh5 50. Kg4 1/2-1/2

[Event "Pinneberg-ch"]
[Site "Pinneberg"]
[Date "2018.09.13"]
[Round "5"]
[White "Iwanow, Thomas"]
[Black "Gollasch, Theo Heinz"]
[Result "0-1"]
[WhiteElo "1712"]
[BlackElo "1956"]
[PlyCount "96"]
[EventDate "2018.08.16"]
[EventType "swiss"]
[EventRounds "7"]
[EventCountry "GER"]
[SourceTitle "EXT 2019"]
[Source "ChessBase"]
[SourceDate "2018.10.10"]
[SourceVersion "1"]
[SourceVersionDate "2018.10.10"]
[SourceQuality "1"]

1. d4 d5 2. Nf3 Nf6 3. c4 e6 4. Nc3 Be7 5. Bf4 c6 6. e3 0-0 7. Bd3 dxc4 8. Bxc4 Nbd7 9. 0-0 Nh5 10. Bg3 Nxg3 11. hxg3 Qc7 12. Rc1 Rd8 13. Qc2 Nb6 14. Bd3 g6 15. a3 Nd5 16. Ne2 Bf6 17. Nf4 Ne7 18. Kh2 e5 19. dxe5 Bxe5 20. Rfd1 Bf5 21. Nxe5 Qxe5 22. e4 Bd7 23. f3 Rac8 24. Qc3 Qxc3 25. Rxc3 c5 26. Be2 Kf8 27. Rcd3 Ke8 28. Nd5 Nxd5 29. Rxd5 Be6 30. Rxd8+ Rxd8 31. Rxd8+ Kxd8 32. f4 Kc7 33. g4 Bb3 34. g5 c4 35. g4 b5 36. Kg3 a5 37. Kf3 Kd6 38. Ke3 Kc5 39. e5 b4 40. Bf3 c3 41. axb4+ Kxb4 42. bxc3+ Kxc3 43. Bc6 a4 44. Bxa4 Bxa4 45. f5 Kc4 46. e6 fxe6 47. f6 Be8 48. Ke4 Bf7 0-1

[Event "Pinneberg-ch"]
[Site "Pinneberg"]
[Date "2018.08.30"]
[Round "3"]
[White "Gollasch, Theo Heinz"]
[Black "Assmus, Edgar"]
[Result "1-0"]
[WhiteElo "1956"]
[BlackElo "1523"]
[PlyCount "71"]
[EventDate "2018.08.16"]
[EventType "swiss"]
[EventRounds "7"]
[EventCountry "GER"]
[SourceTitle "EXT 2019"]
[Source "ChessBase"]
[SourceDate "2018.10.10"]
[SourceVersion "1"]
[SourceVersionDate "2018.10.10"]
[SourceQuality "1"]

1. Nf3 d5 2. g3 c6 3. Bg2 f5 4. b3 Nf6 5. c4 e6 6. Bb2 Bd6 7. 0-0 0-0 8. d4 Bd7 9. Ne5 Be8 10. Qc2 g6 11. Nd2 Bxe5 12. dxe5 Nfd7 13. f4 Na6 14. Nf3 h6 15. Rac1 Kh7 16. Kh1 Bf7 17. Ba3 Rg8 18. b4 Rc8 19. Qd3 Nb6 20. b5 cxb5 21. cxb5 Rxc1 22. Rxc1 Nc7 23. Bc5 Nc4 24. a4 b6 25. Bb4 g5 26. Nd4 Be8 27. Bd6 Bd7 28. fxg5 hxg5 29. e4 Nxd6 30. exd6 Ne8 31. e5 Rg6 32. Nc6 Qa8 33. Ne7 Rg7 34. g4 Rf7 35. Qh3+ Kg7 36. Qh5 1-0

[Event "GER-ch Seniors 65"]
[Site "Hamburg"]
[Date "2018.07.27"]
[Round "7"]
[White "Gollasch, Theo Heinz"]
[Black "Klein, Reinhard"]
[Result "1-0"]
[WhiteElo "2037"]
[BlackElo "1876"]
[PlyCount "73"]
[EventDate "2018.07.21"]
[EventType "swiss"]
[EventRounds "9"]
[EventCountry "GER"]
[SourceTitle "CBM 186 Extra"]
[Source "ChessBase"]
[SourceDate "2018.08.24"]
[SourceVersion "1"]
[SourceVersionDate "2018.08.24"]
[SourceQuality "1"]

1. Nf3 Nf6 2. g3 g6 3. c4 c5 4. Nc3 Nc6 5. Bg2 Bg7 6. d4 cxd4 7. Nxd4 0-0 8. 0-0 Qb6 9. e3 d6 10. b3 Bg4 11. Qd2 Nxd4 12. exd4 Rad8 13. Qf4 Rfe8 14. h3 Bd7 15. Be3 Qa5 16. Rac1 e5 17. Qh4 Rb8 18. d5 Rec8 19. Bg5 Ne8 20. a4 a6 21. Bh6 Qd8 22. Qxd8 Rxd8 23. Be3 b5 24. cxb5 axb5 25. a5 b4 26. Na2 Rb5 27. a6 Ra8 28. a7 Bf6 29. Rfd1 Rb7 30. Rc4 Bd8 31. Rxb4 Rxb4 32. Nxb4 f5 33. f4 exf4 34. gxf4 Ba5 35. Nc6 Bc7 36. b4 Kf7 37. b5 1-0

[Event "GER-ch Seniors 65+ 30th"]
[Site "Hamburg"]
[Date "2018.07.24"]
[Round "4"]
[White "Dresen, Ulrich"]
[Black "Gollasch, Theo Heinz"]
[Result "1-0"]
[WhiteElo "2252"]
[BlackElo "2037"]
[PlyCount "111"]
[EventDate "2018.07.21"]
[EventType "swiss"]
[EventRounds "9"]
[EventCountry "GER"]
[SourceTitle "EXT 2020"]
[Source "ChessBase"]
[SourceDate "2019.10.17"]
[SourceVersion "1"]
[SourceVersionDate "2019.10.17"]
[SourceQuality "1"]

1. d4 d5 2. Nf3 Nf6 3. c4 e6 4. Nc3 Be7 5. Bf4 c6 6. e3 0-0 7. h3 dxc4 8. Bxc4 c5 9. 0-0 cxd4 10. Nxd4 a6 11. Qf3 Nbd7 12. Bh2 Nb6 13. Bb3 Nbd5 14. Rac1 Nxc3 15. Rxc3 Bd6 16. Rd1 Bxh2+ 17. Kxh2 Qb6 18. Qf4 Bd7 19. Qc7 Qxc7+ 20. Rxc7 Rab8 21. f4 Rfc8 22. Rdc1 Bc6 23. Rxc8+ Rxc8 24. Nxe6 Re8 25. Ng5 Rxe3 26. Bxf7+ Kf8 27. Bc4 h6 28. Ne6+ Ke7 29. Nxg7 Bd7 30. f5 b5 31. Be6 Re2 32. Rc7 Kd8 33. Rc3 Rxb2 34. Bxd7 Nxd7 35. a3 a5 36. Rc6 Rb3 37. Rxh6 Rxa3 38. f6 Ra1 39. g4 b4 40. Ne6+ Kc8 41. Rh8+ Kb7 42. Rh7 Kc6 43. Nd4+ Kd6 44. Nf5+ Ke6 45. Rxd7 Kxf6 46. Rb7 Kg5 47. Ne3 Ra3 48. Rb5+ Kf4 49. Ng2+ Ke4 50. g5 Rd3 51. Rxa5 Kd4 52. g6 Kc4 53. Ra8 Rd7 54. Rc8+ Kd4 55. Rb8 Kc4 56. h4 1-0

[Event "GER-ch Seniors 65"]
[Site "Hamburg"]
[Date "2018.07.21"]
[Round "1"]
[White "Gollasch, Theo Heinz"]
[Black "Reeh, Axel"]
[Result "1-0"]
[WhiteElo "2037"]
[BlackElo "1696"]
[PlyCount "59"]
[EventDate "2018.07.21"]
[EventType "swiss"]
[EventRounds "9"]
[EventCountry "GER"]
[SourceTitle "CBM 186 Extra"]
[Source "ChessBase"]
[SourceDate "2018.08.24"]
[SourceVersion "1"]
[SourceVersionDate "2018.08.24"]
[SourceQuality "1"]

1. Nf3 Nf6 2. c4 d6 3. d4 c6 4. g3 g6 5. Nc3 Bg7 6. Bg2 Nbd7 7. 0-0 0-0 8. Bf4 Nh5 9. Bg5 Nhf6 10. Qd2 Re8 11. Bh6 Bh8 12. h3 a6 13. Rad1 Qc7 14. e4 e5 15. Rfe1 Nf8 16. dxe5 dxe5 17. c5 N6d7 18. b4 a5 19. a3 axb4 20. axb4 b6 21. Qd6 Qb7 22. b5 Nxc5 23. bxc6 Qb8 24. c7 Qb7 25. Nd5 Bg7 26. Bxg7 Kxg7 27. Qf6+ Kg8 28. Ne7+ Rxe7 29. Qxe7 Be6 30. Rd8 1-0

[Event "Pinneberg-ch"]
[Site "Pinneberg"]
[Date "2017.09.28"]
[Round "4"]
[White "Gollasch, Theo Heinz"]
[Black "Ertan, Can"]
[Result "0-1"]
[WhiteElo "1911"]
[BlackElo "2377"]
[PlyCount "48"]
[EventDate "2017.09.07"]
[EventType "swiss"]
[EventRounds "7"]
[EventCountry "GER"]
[SourceTitle "EXT 2019"]
[Source "ChessBase"]
[SourceDate "2018.10.10"]
[SourceVersion "1"]
[SourceVersionDate "2018.10.10"]
[SourceQuality "1"]

1. Nf3 Nf6 2. g3 b5 3. Bg2 Bb7 4. a4 b4 5. c4 e6 6. d4 c5 7. 0-0 cxd4 8. Nxd4 Bxg2 9. Kxg2 Bc5 10. Nb3 Be7 11. Bf4 Nc6 12. Bd6 0-0 13. Bxe7 Qxe7 14. Nd4 Rac8 15. Nxc6 Rxc6 16. Nd2 Rfc8 17. e4 d5 18. exd5 exd5 19. b3 Rd6 20. Re1 Qd7 21. Qf3 h5 22. Rad1 Rd8 23. Rc1 Ng4 24. c5 Rf6 0-1